Nelson Mandela /
Guardado en:
| Autor Corporativo: | |
|---|---|
| Formato: | |
| Materias: | |
| Etiquetas: |
Agregar Etiqueta
Sin Etiquetas, Sea el primero en etiquetar este registro!
|
| LEADER | 00997ngm a22002775g 4500 | ||
|---|---|---|---|
| 001 | CEM.cems022522 | ||
| 008 | 130507b2000##################0###0#####d | ||
| 005 | 20241106135117.0 | ||
| 245 | 1 | 0 | |a Nelson Mandela / |c HBO. |
| 300 | |a 123'. | ||
| 500 | |a En soporte VHS, consultar en ventanilla. | ||
| 505 | 0 | |a Vida de Mandela: infancia y adolescencia. Estudios de Derecho e incursión en política. El Apartheid y la resistencia. Clandestinidad y lucha armada. Prisión de Mandela. Liberación. Premio Nobel de la paz. Mandela Presidente. | |
| 538 | |a Soporte: VHS - Norma: Pal N - Color: Si - Grabación DRD 2000 - Hitachi=0000 | ||
| 110 | 2 | |a HBO. | |
| 082 | 9 | 6 | |/ HBO |
| 653 | |a HISTORIA | ||
| 653 | |a AFRICA | ||
| 653 | |a SUDAFRICA | ||
| 653 | |a MANDELA | ||
| 653 | |a NELSON MANDELA | ||
| 653 | |a APARTHEID | ||
| 653 | |a RACISMO | ||
| 653 | |a DISCRIMINACION | ||
| 653 | |a NIVEL PRIMARIO | ||
| 653 | |a NIVEL SECUNDARIO | ||
| 859 | |a CEMS |b BIB. CEMS - Depto. Recursos Didacticos |h 968 |i HBO |k DRD |p 1165.12 |t Ej.1 | ||
